000 00289nam a2200109Ia 4500
008 200302s9999 xx 000 0 und d
100 _aNatascha Meuser
245 _aConstruction and Design Manual Architectural Drawings
260 _bDom Publishing Co.,
260 _c2012
300 _a271 P.,
999 _c3158
_d3158